000
00222nam a2200097Ia 4500
008
190216s9999||||xx |||||||||||||| ||und||
100
_a
Vayalar Ramavarma
245
0
_a
Purushantharangaliloode
260
_b
Null
942
_c
BK
999
_c
24435
_d
24435